000 00233nam a2200097Ia 4500
001 997097
005 20250826221517.0
008 250824s9999 xx 000 0 und d
245 0 _aKENDİNİ ARAMAK
_cİHSAN FAZLIOĞLU
260 _bKETEBE
999 _c997097
_d997097